NBA Top 10 Point Guards Of All Time - Statistics

General Stats
  • This quiz has been taken 1,033 times
  • The average score is 6 of 10
Answer Stats
Rank Player % Correct
1 Magic Johnson
97%
3 John Stockton
91%
7 Steve Nash
74%
2 Oscar Robertson
67%
8 Jason Kidd
65%
4 Isiah Thomas
62%
6 Bob Cousy
55%
9 Gary Payton
36%
5 Walt Frazier
30%
10 Lenny Wilkens
9%
No matching quizzes found
Score Distribution
Percent of People with Each Score
Percentile by Number Answered
Your Score History
You have not taken this quiz